| 000 | 00963nas a2200301 4500 | ||
|---|---|---|---|
| 001 | BR2015001414 | ||
| 003 | BR-BrBNA | ||
| 005 | 20231205125103.0 | ||
| 007 | ta | ||
| 008 | 230509b bl.|||p| |||| 00| 00por d | ||
| 040 |
_aBR-BrBNA _bpor _cBiblioteca Nacional de Agricultura |
||
| 041 | _a(Pt) | ||
| 072 | _aF01; Q52 | ||
| 100 | 1 | _aFerreira, M. | |
| 100 | 1 | _aMachado, L.C. | |
| 100 | 1 | _aFerreira, W.M. | |
| 100 | 1 | _aSilva, J. da | |
| 245 | 1 | _aParte aérea de diferentes cultivares de mandioca como fonte de fibra para utilização na alimentação animal | |
| 650 | _aMANDIOCA | ||
| 650 | _aMANIHOT ESCULENTA | ||
| 650 | _aFUNGO | ||
| 650 | _aNUTRICAO ANIMAL | ||
| 650 | _aCOELHO | ||
| 773 | 0 |
_tRevista Raízes e Amidos Tropicais (Brazil) _xISSN 1808-981X _g(2011), v. 7(1) p. 1-11 _wBR2015001414 |
|
| 856 | 4 | 0 | _uhttp://energia.fca.unesp.br/index.php/rat/article/view/1074/427 |
| 909 |
_a202311 _bLúcia _c55 _dLúcia Elande |
||
| 942 |
_2AGRIS _n0 _cANA |
||
| 999 |
_c242552 _d242552 |
||